00000000nam##2200000za#4500
0019.696310
003CaOODSP
00520210624234956
007cr |||||||||||
008150407|1998||||xxc|||||o    f|0| 0 eng|d
040 |aCaOODSP|beng
043 |an-cn---
0861 |aD82-46/1999E-PDF
1101 |aCanada.|bEmergency Preparedness Canada.
24510|aAlternatives to sandbags for temporary flood protection / |h[electronic resource]|c[by] Kevin Biggar and Srboljub Masala.
260 |aOttawa - Ontario : |bEmergency Preparedness Canada |cOctober 1998.
300 |a78p.|bfigs. (some coloured), references, tables, photographs
500 |aThis publication was listed in Weekly Checklist 00-30, under the catalogue number D82-46/1999-IN.
5203 |a"This study deals with new, innovative methods that can replace sandbags as temporary flood protection measures. It is essentially a review of available published literature and commercial brochures" --Summary, p.2 of 78.
69007|aEmergency preparedness|2gcpds
69007|aFloods|2gcpds
69007|aSafety measures|2gcpds
7102 |aAlberta Transportation and Utilities.
7201 |aBiggar, Kevin
7201 |aMasala, Srboljub
77508|tSolutions de rechange aux sacs de sable pour une protection temporaire contre les inondations / |w(CaOODSP)9.640428
7760#|tAlternatives to sandbags for temporary flood protection / |w(CaOODSP)9.647351
85640|ahttp://publications.gc.ca|qPDF|s1.77 MB|uhttps://publications.gc.ca/collections/Collection/D82-46-1999E.pdf